| 000 | 00783nam a2200229 a 4500 | ||
|---|---|---|---|
| 001 | 000015829 | ||
| 005 | 20240412074244.0 | ||
| 008 | 100219s2008 dr 000 p spa d | ||
| 020 | _a9789945864427 | ||
| 040 |
_aDO-SdBNP _bspa _cBNPHU |
||
| 082 |
_aRD861.44 _bS267s |
||
| 100 | 1 |
_aSaviñon, Pablo Roberto _935636 |
|
| 245 | 1 | 3 |
_aLa senda por donde caminan los canallas / _cPablo Roberto Saviñon. |
| 260 |
_aBonao : _bTalleres, _c2008. |
||
| 300 |
_a41 p. ; _c21 cm. |
||
| 500 | _aIncluye datos biográficos del autor en la contracubierta | ||
| 590 | _aLa biblioteca posee 2 ejemplares autografiados por el autor | ||
| 590 | _aInventariado, 2019 / DG | ||
| 650 | 0 |
_aPoesía dominicana _966 |
|
| 650 | 0 |
_aLiteratura dominicana. _967 |
|
| 910 | _aValidado. Control de calidad MFF | ||
| 999 |
_c15373 _d15373 |
||